00245nam a2200085Ia 4500008004100000041000800041100005500049245003300104260002200137240709s9999 xx 000 0 und d aeng aAlfred V. Aho, John E. Hopcroft, Jeffrey D. Ullman aData Structures & Algorithms bPearson Education